000 00903nam a2200229 i 4500
001 21027
003 ES-MaACL
005 20250809062546.0
007 t|
008 021120s1878 sp |||| | spa d
100 1 _aAlas, Leopoldo
_d1852-1901
_9226375
245 1 3 _aEl derecho y la moralidad
_b: determinación del concepto del derecho, y sus relaciones con el de la moralidad /
_cdiscurso leído en los ejercicios del grado de doctor por Leopoldo Alas.
260 _aMadrid :
_bMedina,
_c1878.
300 _a162 p. ;
_c19 cm.
530 _aDisponible en formato digital.
650 4 _aDerecho-
_xFilosofía
_911620
650 0 7 _aDerecho y moral
_2embne
_911769
852 _aES-MaACL
_jR-3116
_xOlim:G-8826
852 _aES-MaACL
_jR-3116
856 _uhttps://saavedrafajardo.org/book/102089
_zBiblioteca Saavedra Fajardo de Pensamiento Político Hispánico
999 _c21027
_d21027